Cơ học ứng dụng: Phần lý thuyết /
Cuốn "Cơ học ứng dụng" cung cấp những kiến thúc về nguyên lý hoạt động và các cơ sở tính toán về độ bền, tuổi thọ,...các thiết bị máy móc và công trình.
Guardado en:
| Autor principal: | |
|---|---|
| Otros Autores: | |
| Formato: | Libro |
| Lenguaje: | Vietnamese |
| Publicado: |
H. :
Khoa học và kỹ thuật ,
2006
|
| Edición: | Tái bản lần thứ 4 |
| Materias: | |
| Etiquetas: |
Agregar Etiqueta
Sin Etiquetas, Sea el primero en etiquetar este registro!
|
| Thư viện lưu trữ: | Thư viện Trường CĐ Kỹ Thuật Cao Thắng |
|---|
| LEADER | 01458nam a2200337 a 4500 | ||
|---|---|---|---|
| 001 | TVCDKTCT6800 | ||
| 003 | Thư viện trường Cao đẳng Kỹ thuật Cao Thắng | ||
| 005 | 20070502000000 | ||
| 008 | 070502 | ||
| 980 | \ | \ | |a Thư viện Trường CĐ Kỹ Thuật Cao Thắng |
| 024 | |a RG_1 #1 eb0 i1 i5 | ||
| 041 | 0 | # | |a vie |
| 082 | # | # | |a 620.1 / |b C460H-đ |
| 100 | 1 | # | |a Nguyễn Văn Vượng |
| 245 | 0 | 0 | |a Cơ học ứng dụng: Phần lý thuyết / |c Nguyễn Văn Vượng, Đỗ Sanh |
| 250 | # | # | |a Tái bản lần thứ 4 |
| 260 | # | # | |a H. : |b Khoa học và kỹ thuật , |c 2006 |
| 300 | # | # | |a 433tr. ; |c 21cm |
| 520 | # | # | |a Cuốn "Cơ học ứng dụng" cung cấp những kiến thúc về nguyên lý hoạt động và các cơ sở tính toán về độ bền, tuổi thọ,...các thiết bị máy móc và công trình. |
| 520 | # | # | |a Nội dung sách gồm 2 phần chính: |
| 520 | # | # | |a Phần một: Cơ học vật rắn. |
| 520 | # | # | |a A. Động học. |
| 520 | # | # | |a B. Tĩnh học. |
| 520 | # | # | |a C. Động lực học. |
| 520 | # | # | |a Phần hai: Sức bền vật liệu. |
| 650 | # | 4 | |a Cơ học |
| 650 | # | 4 | |a Cơ học--Động học |
| 650 | # | 4 | |a Cơ học--Ứng dụng |
| 650 | # | 4 | |a Cơ học--Động lực học |
| 650 | # | 4 | |a Cơ học--Tĩnh học |
| 700 | 0 | # | |a Đỗ Sanh |